000 00551nam a2200181Ia 4500
005 20260429112249.0
008 260429s9999||||xx |||||||||||||| ||und||
020 _a9781382981527
041 _aHindi
082 _a891.433
_bSHA
100 _aशबनम, माया
245 0 _aयुग का अर्जुन कौन? /
_cमाया शबनम
250 _a1st ed.
260 _aनई दिल्ली :
_bपुस्तक प्रतिष्ठान,
_c2017.
300 _a335 p.; Hb
650 _aNovel
942 _cTB
999 _c53201
_d53201